000 00900nam a22002897a 4500
005 20230515150201.0
008 230515b ||||| |||| 00| 0 eng d
020 _a9788196176853
040 _cAL
041 _aEnglish
082 _223
_a332.6
_bNARF
100 _aR Shankar Narayan and others
_9104259
245 _aFinancial Education and Investment Awareness
260 _aMangaluru
_bUnited Agencies
_c2023
300 _av,118 p.
_bPB
_c21x13.5 cm.
365 _a994
_b₹80.00
_c
_d₹100.00
_e20%
_f09-05-2023
650 _aIII and IV Sem
_9104260
650 _aNEP
_9104261
650 _aBasics of Economics
_9104262
650 _aBanking of India
_9104263
650 _aInvestment Management
_9104264
650 _aMutual Funds
_9104265
650 _aFinanical Planning
_9104266
700 _aNARAYAN (Shankar R)
_9104267
700 _aSITHARA (C)
_9104268
942 _2ddc
_cBK
999 _c227308
_d227308